[Event "5. Torneo de Promoción de Almansa B"]
[Site "Almansa ESP"]
[Date "2010.08.12"]
[Round "6.7"]
[White "Martinez Hernandez, Javier"]
[Black "Villaescusa Navalon, Miguel"]
[Result "1-0"]
[PlyCount "163"]
[EventDate "2010.08.09"]
[EventType "swiss"]
[EventRounds "9"]
[EventCountry "ESP"]
[Source "lmi"]
[SourceDate "2010.08.09"]
[WhiteElo "1987"]
[BlackElo "1912"]

1. Nf3 d5 2. d4 Nf6 3. c4 e6 4. e3 c6 5. Nc3 Bd6 6. Be2 O-O 7. O-O dxc4 8. Bxc4
Nbd7 9. e4 e5 10. Bg5 h6 11. Bh4 Qc7 12. Re1 exd4 13. Bxf6 Nxf6 14. Qxd4 b6 15.
e5 Bc5 16. Qh4 Nh7 17. Rad1 Be7 18. Qg3 Ng5 19. Nxg5 Bxg5 20. e6 Qxg3 21. exf7+
Kh8 22. hxg3 a5 23. Re8 Bg4 24. Rde1 Bd7 25. Rxa8 Rxa8 26. a4 g6 27. Rd1 Bf5
28. Rd6 b5 29. axb5 cxb5 30. Nxb5 Kg7 31. Nd4 Rd8 32. Nxf5+ gxf5 33. Ra6 Bd2
34. f4 Bb4 35. Kh2 Rd4 36. b3 Rd8 37. g4 fxg4 38. Kg3 h5 39. Kh4 Rh8 40. Kg5
Be7+ 41. Kf5 Rh6 42. Rxa5 Rf6+ 43. Ke4 Rh6 44. Re5 Kf8 45. Rb5 Kg7 46. g3 h4
47. gxh4 Rxh4 48. Re5 Kf8 49. Kf5 g3 50. Re1 Rh7 51. Rg1 Rg7 52. Rg2 Bc5 53.
Ke4 Bf2 54. Kf3 Rg6 55. Ke4 Rb6 56. f5 Ke7 57. Kf3 Rh6 58. Kg4 Rd6 59. Rxg3
Rd4+ 60. Kf3 Bxg3 61. Kxg3 Rd8 62. Kf4 Rd1 63. Ke5 Rd2 64. b4 Rd8 65. b5 Rd1
66. Bd5 Rb1 67. Bc6 Kxf7 68. Bd5+ Ke7 69. f6+ Kf8 70. Bc4 Rd1 71. Ke6 Ke8 72.
Bd5 Rd2 73. b6 Re2+ 74. Kd6 Rb2 75. f7+ Kf8 76. Kc7 Rc2+ 77. Kd6 Rb2 78. Kc5
Ke7 79. Bc4 Rb1 80. Kc6 Rb2 81. b7 Rb4 82. Bb5 1-0

[Event "5. Torneo de Promoción de Almansa B"]
[Site "Almansa ESP"]
[Date "2010.08.12"]
[Round "6.8"]
[White "Sanchez Lopez, Diego"]
[Black "Medina Cordero, Angel"]
[Result "1-0"]
[PlyCount "73"]
[EventDate "2010.08.09"]
[EventType "swiss"]
[EventRounds "9"]
[EventCountry "ESP"]
[Source "lmi"]
[SourceDate "2010.08.09"]
[WhiteElo "1992"]
[BlackElo "1888"]

1. d4 Nf6 2. Nf3 g6 3. Bf4 Bg7 4. h3 d6 5. e3 c5 6. c3 Qb6 7. Nbd2 Bf5 8. Nc4
Qc7 9. a4 O-O 10. Be2 Nbd7 11. O-O Rfe8 12. Rc1 Nb6 13. b4 Qc6 14. Nxb6 Qxb6
15. Bb5 Red8 16. g4 Be6 17. bxc5 dxc5 18. Ng5 c4 19. Rb1 Qa5 20. Nxe6 fxe6 21.
Bxc4 Nd5 22. Bxd5 exd5 23. Rxb7 e5 24. dxe5 Qxc3 25. Qd4 Qc6 26. Rxa7 Rxa7 27.
Qxa7 Ra8 28. Qe7 Rxa4 29. Qd8+ Bf8 30. Rd1 d4 31. Rxd4 Qc1+ 32. Rd1 Qa3 33.
Qd5+ Kg7 34. e6 h6 35. Be5+ Kh7 36. Qd7+ Be7 37. Qe8 1-0

[Event "5. Torneo de Promoción de Almansa B"]
[Site "Almansa ESP"]
[Date "2010.08.12"]
[Round "6.9"]
[White "Boj Marques, Javier"]
[Black "Gomez Peco, David"]
[Result "0-1"]
[PlyCount "50"]
[EventDate "2010.08.09"]
[EventType "swiss"]
[EventRounds "9"]
[EventCountry "ESP"]
[Source "lmi"]
[SourceDate "2010.08.09"]
[WhiteElo "1893"]
[BlackElo "1982"]

1. e4 c5 2. Nf3 Nc6 3. d4 cxd4 4. Nxd4 g6 5. Nc3 Bg7 6. Be3 Nf6 7. Bc4 O-O 8.
Bb3 a5 9. a4 d6 10. f3 Bd7 11. Qd2 Rc8 12. O-O-O Ne5 13. Bh6 Nc4 14. Qg5 Rc5
15. Nd5 Nxd5 16. exd5 Bf6 17. Qg3 b5 18. Bxf8 Kxf8 19. axb5 a4 20. Bxc4 Rxc4
21. Qf2 Qa5 22. Rd3 Qb4 23. Rhd1 Bf5 24. c3 Bxd3 25. Rxd3 Kg8 0-1

[Event "5. Torneo de Promoción de Almansa B"]
[Site "Almansa ESP"]
[Date "2010.08.12"]
[Round "6.10"]
[White "Romero Lopez, Cristina"]
[Black "Cubillo Muñoz, Miguel"]
[Result "1-0"]
[PlyCount "71"]
[EventDate "2010.08.09"]
[EventType "swiss"]
[EventRounds "9"]
[EventCountry "ESP"]
[Source "lmi"]
[SourceDate "2010.08.09"]
[WhiteElo "1883"]
[BlackElo "1970"]

1. e4 c5 2. Nf3 Nc6 3. c3 Nf6 4. e5 Nd5 5. d4 cxd4 6. Bc4 Nb6 7. Bb3 d6 8. exd6
e6 9. Nxd4 Bxd6 10. Nxc6 bxc6 11. O-O O-O 12. Nd2 Nd5 13. Nf3 Qc7 14. Bc2 Rd8
15. Qe2 e5 16. Bg5 f6 17. Bd2 g6 18. Bb3 Kg7 19. Rac1 Ne7 20. Qc4 Nd5 21. Qh4
Nf4 22. Bxf4 exf4 23. Rfe1 Rb8 24. g4 h5 25. g5 Be7 26. Rxe7+ Qxe7 27. Re1 Qf8
28. gxf6+ Kh8 29. Ne5 Bf5 30. Nf7+ Kh7 31. Nxd8 Rxd8 32. Re7+ Kh8 33. Qxf4 Rd7
34. Qe5 Rd8 35. f7+ Kh7 36. Re8 1-0

[Event "5. Torneo de Promoción de Almansa B"]
[Site "Almansa ESP"]
[Date "2010.08.12"]
[Round "6.11"]
[White "Perez Garcia, Juan Angel"]
[Black "Mingarro Carceller, Sergi"]
[Result "1/2-1/2"]
[PlyCount "119"]
[EventDate "2010.08.09"]
[EventType "swiss"]
[EventRounds "9"]
[EventCountry "ESP"]
[Source "lmi"]
[SourceDate "2010.08.09"]
[WhiteElo "1961"]
[BlackElo "1826"]

1. e4 e6 2. d4 d5 3. Nd2 Nf6 4. e5 Nfd7 5. Bd3 c5 6. c3 Nc6 7. Ne2 cxd4 8. cxd4
f6 9. Nf4 Nxd4 10. Qh5+ Ke7 11. exf6+ Nxf6 12. Ng6+ hxg6 13. Qxh8 Kf7 14. Qh4
e5 15. O-O Be7 16. f3 Nh5 17. Qe1 Bc5 18. Kh1 Nf4 19. Bb1 Qg5 20. g3 Bh3 21.
Rf2 Nf5 22. Bxf5 Bxf2 23. Qxf2 Bxf5 24. gxf4 exf4 25. Nb3 Rc8 26. Nd4 Bh3 27.
Bd2 Qf6 28. Bc3 Qa6 29. Qh4 Bd7 30. Re1 Kg8 31. a3 Qd3 32. Qf2 g5 33. Qe2 Qg6
34. Qe7 Bh3 35. Qxb7 Rd8 36. Qe7 Rf8 37. Qe5 Kh8 38. Qxd5 g4 39. Ne6 gxf3 40.
Bxg7+ Qxg7 41. Nxg7 Bg2+ 42. Kg1 f2+ 43. Kxf2 Bxd5 44. Re7 Rg8 45. Rd7 Be4 46.
Re7 Bd5 47. Rd7 Bc6 48. Rc7 Bd5 49. Rd7 Bc6 50. Rd6 Bb7 51. Nf5 Rg2+ 52. Kf1
Rxb2 53. Rh6+ Kg8 54. Rh4 f3 55. Rg4+ Kh8 56. Rh4+ Kg8 57. Rf4 Ba6+ 58. Kg1
Rg2+ 59. Kh1 Rf2 60. Ne3 1/2-1/2

[Event "5. Torneo de Promoción de Almansa B"]
[Site "Almansa ESP"]
[Date "2010.08.12"]
[Round "6.12"]
[White "Campins Bagur, Esteve"]
[Black "Garcia Ruano, Juan Carlos"]
[Result "0-1"]
[PlyCount "64"]
[EventDate "2010.08.09"]
[EventType "swiss"]
[EventRounds "9"]
[EventCountry "ESP"]
[Source "lmi"]
[SourceDate "2010.08.09"]
[WhiteElo "1834"]
[BlackElo "1961"]

1. d4 d5 2. c4 c6 3. Nf3 Nf6 4. Nc3 e6 5. a3 Bd6 6. Bg5 Nbd7 7. Qc2 O-O 8. Rd1
Be7 9. Ne5 Re8 10. f3 Qa5 11. Nxd7 Bxd7 12. Bd2 Qd8 13. Bg5 dxc4 14. Bxf6 Bxf6
15. Ne4 b5 16. g3 Be7 17. h4 Qc7 18. Kf2 Rad8 19. f4 c5 20. Ng5 f5 21. dxc5
Qxc5+ 22. e3 Bxg5 23. hxg5 Bc6 24. Rh4 Be4 25. Rxd8 Rxd8 26. Qc3 Qd5 27. Kg1
Qd2 28. Rh2 Qxc3 29. bxc3 Rd1 30. Kf2 Ra1 31. g4 Rxa3 32. gxf5 exf5 0-1

[Event "5. Torneo de Promoción de Almansa B"]
[Site "Almansa ESP"]
[Date "2010.08.12"]
[Round "6.13"]
[White "Iglesias Fernandez, Luis"]
[Black "Sos Andreu, Erik"]
[Result "1/2-1/2"]
[PlyCount "97"]
[EventDate "2010.08.09"]
[EventType "swiss"]
[EventRounds "9"]
[EventCountry "ESP"]
[Source "lmi"]
[SourceDate "2010.08.09"]
[WhiteElo "1820"]
[BlackElo "1940"]

1. e4 c5 2. Nf3 d6 3. d4 cxd4 4. Nxd4 Nf6 5. Nc3 a6 6. Bg5 e6 7. f4 Qb6 8. Qd2
Qxb2 9. Rb1 Qa3 10. e5 dxe5 11. fxe5 Nfd7 12. Be2 Qa5 13. O-O Qxe5 14. Rbe1
Qxd4+ 15. Qxd4 Bc5 16. Qxc5 Nxc5 17. Bc4 Nc6 18. Bf4 e5 19. Bxe5 Nxe5 20. Rxe5+
Ne6 21. Nd5 O-O 22. Ne7+ Kh8 23. Nxc8 Raxc8 24. Bxe6 fxe6 25. Rxf8+ Rxf8 26.
Rxe6 Kg8 27. Re2 Rc8 28. Kf1 Rc3 29. Ke1 Ra3 30. c4 Rc3 31. Rb2 Rxc4 32. Rxb7
h5 33. Rb2 Ra4 34. h3 Kh7 35. Kf1 Kg6 36. Kg1 Kf5 37. Kh2 g5 38. Rc2 Ra5 39.
Rb2 Ke4 40. g3 Kf3 41. Rb3+ Ke2 42. Rb2+ Kd3 43. Kg2 Rc5 44. Kf3 Rf5+ 45. Kg2
a5 46. a4 Kc4 47. g4 hxg4 48. hxg4 Rd5 49. Rb8 1/2-1/2

[Event "5. Torneo de Promoción de Almansa B"]
[Site "Almansa ESP"]
[Date "2010.08.12"]
[Round "6.14"]
[White "Alonso Vara, Maria"]
[Black "Rasskin Friederichs, Ivan"]
[Result "1/2-1/2"]
[PlyCount "41"]
[EventDate "2010.08.09"]
[EventType "swiss"]
[EventRounds "9"]
[EventCountry "ESP"]
[Source "lmi"]
[SourceDate "2010.08.09"]
[WhiteElo "1736"]
[BlackElo "1905"]

1. e4 e6 2. d4 d5 3. Nd2 dxe4 4. Nxe4 Nd7 5. Nf3 Ngf6 6. Nxf6+ Nxf6 7. c3 c5 8.
Bg5 cxd4 9. Qa4+ Bd7 10. Qxd4 Be7 11. Rd1 Bc6 12. Ne5 Qc7 13. Nxc6 Qxc6 14. Qc4
Bc5 15. Bxf6 gxf6 16. Qb5 Ke7 17. Qxc6 bxc6 18. Bc4 Rhd8 19. Ke2 Rxd1 20. Rxd1
Rd8 21. Rxd8 1/2-1/2

[Event "5. Torneo de Promoción de Almansa B"]
[Site "Almansa ESP"]
[Date "2010.08.12"]
[Round "6.15"]
[White "Perez Perez, Eugenio"]
[Black "Lopez Martin, Jaime"]
[Result "1/2-1/2"]
[PlyCount "56"]
[EventDate "2010.08.09"]
[EventType "swiss"]
[EventRounds "9"]
[EventCountry "ESP"]
[Source "lmi"]
[SourceDate "2010.08.09"]
[WhiteElo "1900"]
[BlackElo "1757"]

1. e4 c5 2. Nf3 a6 3. a4 g6 4. Bc4 e6 5. O-O Bg7 6. c3 Qc7 7. Qe2 Nc6 8. Rd1
Na5 9. Na3 d6 10. d4 cxd4 11. cxd4 Bd7 12. b3 Ne7 13. Bg5 f6 14. Bf4 O-O 15.
Rac1 Qb6 16. Be3 d5 17. exd5 exd5 18. Bd3 Qxb3 19. Bd2 Nac6 20. Nc2 Qb6 21. Bf4
Rfe8 22. Qd2 Nf5 23. Rb1 Qa7 24. Qc3 g5 25. Bxf5 Bxf5 26. Bd6 Bf8 27. Bc5 Qb8
28. Rb3 Qc7 1/2-1/2